عرض عادي
عرض مارك
- Psycholinguistics.
مدخل مصطلح موضوعي
001 - رقم الضبط
- حقل الضبط: 8211
003 - معرف رقم الضبط
- حقل الضبط: OSt
005 - تاريخ ووقت أخر عملية
- حقل الضبط: 20111214092156.0
008 - عناصر بيانات ثابتة الطول
- حقل تحكم ثابت الطول: 111214|||a|||||| | ||| d
040 ## - مصدر الفهرسة
- هيئة الفهرسة الأصلية: OSt
- وكالة الكتابة: OSt
150 ## - مدخل-- مصطلح تاريخي
- عنصر مدخل المصطلح الموضوعي او الاسم الجغرافي: Psycholinguistics.
670 ## - بيانات المصدر موجوده
- الاستشهاد بالمصدر: Work cat.: (OSt)0: Miller, J. E. (James Edward), 1942- 8209, Spontaneous spoken language :, 2009.
